Effect of using fresh water spinach and fresh mulberry leaves on geowth performance of rabbits, ប្រសិទ្ធភាពនៃការប្រើប្រាស់ត្រកួនស្រស់ និងស្លឹកមនស្រស់លើការលូតលាស់របស់ទន្សាយ. (Record no. 2527)
[ view plain ]
| 000 -LEADER | |
|---|---|
| fixed length control field | 00671nam a22001577a 4500 |
| 003 - CONTROL NUMBER IDENTIFIER | |
| control field | OSt |
| 005 - DATE AND TIME OF LATEST TRANSACTION | |
| control field | 20151022164256.0 |
| 008 - FIXED-LENGTH DATA ELEMENTS--GENERAL INFORMATION | |
| fixed length control field | 151022b xxu||||| |||| 00| 0 eng d |
| 040 ## - CATALOGING SOURCE | |
| Transcribing agency | RUA |
| 082 ## - DEWEY DECIMAL CLASSIFICATION NUMBER | |
| Classification number | AVM HY 2011 B100 Or.1 |
| 100 ## - MAIN ENTRY--PERSONAL NAME | |
| 9 (RLIN) | 2702 |
| Personal name | HY, YOTTHEI. |
| 245 ## - TITLE STATEMENT | |
| Title | Effect of using fresh water spinach and fresh mulberry leaves on geowth performance of rabbits, ប្រសិទ្ធភាពនៃការប្រើប្រាស់ត្រកួនស្រស់ និងស្លឹកមនស្រស់លើការលូតលាស់របស់ទន្សាយ. |
| 260 ## - PUBLICATION, DISTRIBUTION, ETC. (IMPRINT) | |
| Place of publication, distribution, etc. | phnom phen |
| Name of publisher, distributor, etc. | RUA |
| Date of publication, distribution, etc. | 2011 |
| 300 ## - PHYSICAL DESCRIPTION | |
| Extent | IX,37p. |
| 942 ## - ADDED ENTRY ELEMENTS (KOHA) | |
| Source of classification or shelving scheme | |
| Koha item type | AVM |
| Price effective from | Date last seen | Permanent Location | Not for loan | Date acquired | Source of classification or shelving scheme | Koha item type | Lost status | Withdrawn status | Total Renewals | Date last checked out | Total Checkouts | Shelving location | Damaged status | Barcode | Checked out | Current Location | Full call number |
|---|---|---|---|---|---|---|---|---|---|---|---|---|---|---|---|---|---|
| 2015-10-22 | 2017-01-16 | Library Block B | 2015-10-22 | AVM | 2016-12-09 | 2 | B100 | RUA019302 | Library Block B | AVM HY 2011 B100 Or.1 | |||||||
| 2015-10-22 | 2015-10-22 | Library Block B | 2015-10-22 | AVM | B100 | RUA019374 | Library Block B | AVM HY 2011 B100 Or.2 | |||||||||
| 2015-10-22 | 2023-11-07 | Library Block B | 2015-10-22 | AVM | 2023-08-18 | 1 | B100 | RUA019446 | Library Block B | AVM HY 2011 B100 Or.3 | |||||||
| 2015-10-22 | 2017-02-10 | Library Block B | 2015-10-22 | AVM | 1 | 2017-02-10 | 2 | B100 | RUA019020 | 2017-03-18 | Library Block B | AVM HY 2011 B100 Or.4 | |||||
| 2015-10-22 | 2025-06-10 | Library Block B | 2015-10-22 | AVM | 2024-10-30 | 1 | B100 | RUA015916 | Library Block B | AVM HY 2011 B100 Or.5 | |||||||
| 2015-10-22 | 2015-10-22 | Library Block B | 2015-10-22 | AVM | B100 | RUA016060 | Library Block B | AVM HY 2011 B100 Or.6 | |||||||||
| 2015-10-22 | 2022-08-08 | Library Block B | 2015-10-22 | AVM | 2022-07-22 | 1 | B100 | RUA015987 | Library Block B | AVM HY 2011 B100 Or.7 | |||||||
| 2015-10-22 | 2015-10-22 | Library Block B | 2015-10-22 | AVM | B100 | RUA016224 | Library Block B | AVM HY 2011 B100 Or.8 | |||||||||
| 2015-10-22 | 2015-10-22 | Library Block B | 2015-10-22 | AVM | B100 | RUA016152 | Library Block B | AVM HY 2011 B100 Or.9 | |||||||||
| 2015-10-22 | 2015-10-22 | Library Block B | 2015-10-22 | AVM | B100 | RUA015956 | Library Block B | AVM HY 2011 B100 Or.10 |